000 00628nam a22001937a 4500
005 20251108164311.0
008 250721s9999 xx 000 0 ara d
082 1 4 _a811.6/متن
100 1 _aالمنتبي، أبو الطيب أحمد بن الحسين الكوفي
245 1 0 _aموجز ديوان المتنبي /
264 1 _aدمشق :
_bدار طلاس للدراسات،
_c[19-].
300 _a462ص
650 1 7 _aالشعر العربي
650 1 7 _aالعصر العباسي
700 1 _aالعيسى، سليمان
_eتحقيق
700 1 _aاليازجي،
_eشرح
942 _2ddc
_cBK
999 _c8733
_d8733